| 000 | 00760nam a22002177a 4500 | ||
|---|---|---|---|
| 003 | NUST | ||
| 005 | 20240627105754.0 | ||
| 008 | 190702b ||||| |||| 00| 0 eng d | ||
| 038 | _aNusrat Nadeem | ||
| 040 | _c0 | ||
| 082 | _a200 | ||
| 100 |
_aZahra _916364 |
||
| 245 |
_aMobility and uptake of phosphorus by rice and wheat in titanium dioxide nanoparticles amended soil/ _cZahra |
||
| 260 |
_aIslamabad; _bIESE (SCEE) NUST; _c2019. |
||
| 300 |
_a174p. _bH.B |
||
| 440 |
_aPhD-Environmental Science _91817 |
||
| 650 |
_aEnvironmental Science _91725 |
||
| 700 | _4Supervisor:Dr. Muhammad Arshad | ||
| 856 | _uhttp://10.250.8.41:8080/xmlui/handle/123456789/3054 | ||
| 942 |
_2ddc _cSC |
||
| 999 |
_c525469 _d525469 |
||